Ils ont joué pour... Manchester City (Mort subite) - Statistiques

Statistiques générales
  • Ce quiz a été pris 788 fois
  • Le résultat moyen est 8 sur 11
Answers on the Grid
Answers color-coded by a green-red scale on the quiz's grid according to % correct below.
Joe Corrigan
Jordan Pickford
Curtis Jones
Jahmai Simpson-Pusey
Sadio Mané
Jérémy Doku
Erling Haaland
David Silva
Oscar Bobb
Kevin De Bruyne
Thibaut Courtois
Noni Madueke
Kobbie Mainoo
Alan Oakes
Harry Kane
Bukayo Saka
Bernardo Silva
Zlatan Ibrahimovic
Michael Owen
Angel Gomes
Jude Bellingham
Sergio Agüero
David Silva
Anthony Martial
 
Statistiques - réponses
Réponse % Correct
Erling Haaland
92%
Kevin De Bruyne
92%
Jérémy Doku
90%
Bernardo Silva
89%
David Silva
87%
Sergio Agüero
87%
David Silva
82%
Oscar Bobb
75%
Joe Corrigan
50%
Jahmai Simpson-Pusey
48%
Alan Oakes
43%
Aucun quiz correspondant
Distribution des résultats
% des personnes avec chaque résultat
Percentile par nombre de réponses
Votre historique - résultats
Vous n’avez pas pris ce quiz